000 00297nam a22001217a 4500
008 181106b xxu||||| |||| 00| 0 eng d
041 _aeng
080 _a610
100 _a4
101 _aSHM
245 _aA Syllabus of Laboratory Examinations in Clinical Diagnosis
_cPage,L.B
942 _2udc
_cBK
999 _c51923
_d51923